LEADER 01365nam0 2200289 450 001 000035525 005 20180709121750.0 100 $a20131125d1963----km-y0itaa50------ba 101 0 $aita 102 $aIT 200 1 $aProspettive economiche degli investimenti per l'incremento della produzione legnosa in Italia$f[a cura di] Ifagraria 210 $aRoma$cIfagraria$d1963 215 $a108 p.$d24 cm. 316 $aIn testa al frontespizio: Gioacchino Viggiani 26 ottobre 1964 606 1 $aLegnami$xProduzione$yItalia 676 $a338.17498$v(22. ed.)$9Produzione. Prodotti forestali 712 02$aIfagraria 801 0$aIT$bUniversità della Basilicata - B.I.A.$gREICAT$2unimarc 912 $a000035525 996 $aProspettive economiche degli investimenti per l'incremento della produzione legnosa in Italia$9101767 997 $aUNIBAS CAT $aSTD093$b01$c20131125$lBAS01$h1412 CAT $aTTM$b30$c20131128$lBAS01$h0952 CAT $aATR$b20$c20180709$lBAS01$h1217 FMT Z30 -1$lBAS01$LBAS01$mBOOK$1BASA2$APolo Tecnico-Scientifico$2FVIG$BFondo Viggiani$3FVig/40946$640946$5T40946$7Collocato presso la Scuola di Agraria$820131125$f35$FStanza riservata Z30 -1$lBAS01$LBAS01$mBOOK$1BASA2$APolo Tecnico-Scientifico$2FVIG$BFondo Viggiani$3FVig/40947$640947$5T40947$7Collocato presso la Scuola di Agraria$820131125$f35$FStanza riservata LEADER 01468nam0-22004331i-450- 001 990005487750203316 005 20010829120000.0 035 $a000548775 035 $aUSA01000548775 035 $a(ALEPH)000548775USA01 035 $a000548775 100 $a20010829d1998-------|0enac50------ba 101 $aeng 102 $aUS 105 $a|||| ||||| 200 1 $aLoss models$efrom data to decision$fStuart A. Klugman, Harry H. Panjer, Gordon E. Willmont$gwith assistance from Gary G. Venter. - New York : John Wiley & Sons, Inc., 1998 210 $aXIII$d644 p. : ill. ; 25 cm. 225 2$aWiley series in probability and statistics 410 1$12001$aWiley series in probability and statistics 606 $aAssicurazioni$xMetodi statistici$2FI 606 $aAssicurazioni$xModelli matematici$2FI 620 $dNew York 676 $a368.01$cAssicurazioni. Principi generali$v21 700 1$aKLUGMAN,$bStuart A.$0103763 701 1$aPANJER,$bHarry H.$0437806 701 1$aWILLMOT,$bGordon E.$0437807 702 1$aVENTER,$bGary G. 712 $aJohn Wiley & Sons, Inc 801 $aIT$bSOL$c20120104 912 $a990005487750203316 950 $aDIP.TO SCIENZE ECONOMICHE - (SA)$dDS 300 368.01 KLU$e8693 DISES 951 $a300 368.01 KLU$b8693 DISES 959 $aBK 969 $aDISES 979 $c20121027$lUSA01$h1532 979 $c20121027$lUSA01$h1613 996 $aLoss models$965923 997 $aUNISA NUM $aUSA9347 LEADER 04018nam 2200685 a 450 001 9910972734203321 005 20250731001600.0 010 $a9780520932531 010 $a0520932536 010 $a9781598750058 010 $a1598750054 024 7 $a10.1525/9780520932531 035 $a(CKB)111090529077450 035 $a(EBL)223367 035 $a(OCoLC)475927792 035 $a(SSID)ssj0000271364 035 $a(PQKBManifestationID)11217879 035 $a(PQKBTitleCode)TC0000271364 035 $a(PQKBWorkID)10280413 035 $a(PQKB)11564096 035 $a(MiAaPQ)EBC223367 035 $a(DE-B1597)518989 035 $a(OCoLC)55741706 035 $a(DE-B1597)9780520932531 035 $a(Au-PeEL)EBL223367 035 $a(CaPaEBR)ebr10058553 035 $a(Perlego)551329 035 $a(iGPub)CSPLUS0077505 035 $a(EXLCZ)99111090529077450 100 $a20030912d2004 uy 0 101 0 $aeng 135 $aur||#|||||||| 181 $ctxt 182 $cc 183 $acr 200 10$aWhitewashed adobe $ethe rise of Los Angeles and the remaking of its Mexican past /$fWilliam Deverell 205 $a1st ed. 210 $aBerkeley $cUniversity of California Press$dc2004 215 $a1 online resource (353 p.) 300 $aDescription based upon print version of record. 311 08$a9780520246676 311 08$a0520246675 311 08$a9780520218697 311 08$a0520218698 320 $aIncludes bibliographical references and index. 327 $tFront matter --$tContents --$tIllustrations And Maps --$tAcknowledgments --$tIntroduction: City Of The Future --$t1. The Unending Mexican War --$t2. History On Parade --$t3. Remembering A River --$t4. The Color Of Brickwork Is Brown --$t5. Ethnic Quarantine --$t6. The Drama Of Los Angeles History --$tConclusion: Whitewashed Adobe --$tNotes --$tIndex 330 $aChronicling the rise of Los Angeles through shifting ideas of race and ethnicity, William Deverell offers a unique perspective on how the city grew and changed. Whitewashed Adobe considers six different developments in the history of the city-including the cementing of the Los Angeles River, the outbreak of bubonic plague in 1924, and the evolution of America's largest brickyard in the 1920's. In an absorbing narrative supported by a number of previously unpublished period photographs, Deverell shows how a city that was once part of Mexico itself came of age through appropriating-and even obliterating-the region's connections to Mexican places and people. Deverell portrays Los Angeles during the 1850's as a city seething with racial enmity due to the recent war with Mexico. He explains how, within a generation, the city's business interests, looking for a commercially viable way to establish urban identity, borrowed Mexican cultural traditions and put on a carnival called La Fiesta de Los Angeles. He analyzes the subtle ways in which ethnicity came to bear on efforts to corral the unpredictable Los Angeles River and shows how the resident Mexican population was put to work fashioning the modern metropolis. He discusses how Los Angeles responded to the nation's last major outbreak of bubonic plague and concludes by considering the Mission Play, a famed drama tied to regional assumptions about history, progress, and ethnicity. Taking all of these elements into consideration, Whitewashed Adobe uncovers an urban identity-and the power structure that fostered it-with far-reaching implications for contemporary Los Angeles. 606 $aMexican Americans$zCalifornia$zLos Angeles$xHistory 607 $aLos Angeles (Calif.)$xEthnic relations$xHistory 607 $aLos Angeles (Calif.)$xHistory 615 0$aMexican Americans$xHistory. 676 $a979.4/94046872 700 $aDeverell$b William$f1962-$0919568 801 0$bMiAaPQ 801 1$bMiAaPQ 801 2$bMiAaPQ 906 $aBOOK 912 $a9910972734203321 996 $aWhitewashed adobe$94410440 997 $aUNINA